| 000 | 01065nam a2200229 a 4500 | ||
|---|---|---|---|
| 001 | 223926 | ||
| 003 | AM-YEHGA | ||
| 005 | 20250618080116.0 | ||
| 008 | 210805s1975 le c||||r|||||||||1|arm|d | ||
| 040 | _aAM-YeHGA | ||
| 041 | 0 | _aarm | |
| 100 | 1 |
_aԶարյան,Կոստան Քրիստափորի, _d1885-1969 _98912 |
|
| 245 | 1 | 0 |
_aԵրկեր / _cԿ. Ք. Զարյան ; Խմբ․՝ Պ. Սնապեան. |
| 260 |
_aԱնթիլիաս : _bտպ. Կաթողիկոսութեան Հայոց Մեծի Տանն Կիլիկիոյ, _c1975. |
||
| 300 |
_a643 էջ + 1 ներդիր թերթ ։ _bդիմանկ. ; _c24 սմ. |
||
| 490 | 0 |
_aԳէորգ Մելիտինեցի գրական մրցանակի եւ վերահրատ. հիմնադրամի յանձնաժող. ; _vԹիւ 10 |
|
| 505 | 0 | _aԲովանդ.՝ Անցորդը եւ իր ճամբան ; Արեւմուտք ; Քաղաքներ։ | |
| 650 | 1 | 4 |
_aՀայ գրականություն _xԵրկեր |
| 700 | 1 |
_aՍնապյան, Պողոս Մարկոսի, _d1927-2014 _eխմբ. _4edt _93742 |
|
| 942 |
_2udc _cBK |
||
| 090 | _c565436 | ||
| 999 |
_c527444 _d527444 |
||